00325 2200145 4500245004200000250001100042100001900053650001700072650001600089005001900105260001800124041001400142084001400156336000900170 aPart of My LifecHabibah AbabilhText aCet. 1 aHabibah Ababil aAutobiografi aKarya Siswa a20250521140846 aJakartac2025 aIndonesia a081 HAB p atext